| 000 | 01270cam a2200337 i 4500 | ||
|---|---|---|---|
| 999 |
_c62581 _d62581 |
||
| 001 | 62581 | ||
| 003 | Mx-PuUPA | ||
| 005 | 20191008160410.0 | ||
| 008 | 150518s2016 mx gr 001 0 spa d | ||
| 020 | _a9786078295371 | ||
| 040 |
_aMx-PuUPA _bspa _cMx-PuUPA _dMx-PuUPA _erda |
||
| 041 | 0 | _aspa | |
| 245 | 1 | 3 |
_aEl gallo de oro : _by otros relatos / _cJuan Rulfo ; textos, José Carlos González Boixo y Douglas Watherford |
| 264 | 1 |
_aCiudad de México : _bEditorial RM & Fundación Juan Rulfo ; _c2016 |
|
| 300 |
_a203 páginas ; _c21 cm. |
||
| 336 |
_atexto _2rdacontent _btxt |
||
| 337 |
_asin medio _2rdamedia _bn |
||
| 338 |
_avolumen _2rdacarrier _bnc |
||
| 600 | 1 |
_aRulfo, Juan, _xCrítica e interpretación |
|
| 650 | 4 | _aLiteratura mexicana | |
| 700 | 1 |
_aRulfo, Juan, _eautor |
|
| 700 | 1 |
_aGonzález Boixo, José Carlos, _ecolaborador |
|
| 700 | 1 |
_aWatherford, Douglas, _ecolaborador |
|
| 700 | 1 |
_iContiene (obra): _aRulfo, Juan, _f1959 _tSinopsis y el gallo de oro |
|
| 700 | 1 |
_iContiene (obra): _aRulfo, Juan, _d1964. _tLa fórmula secreta |
|
| 700 | 1 |
_iContiene (obra): _aRulfo, Juan, |
|
| 942 |
_2ddc _cLI _h863 _iG146 |
||